Представление документа в формате RUSMARC

ПолеНазваниеЗначение
  Тип записи a
  Библиографический уровень a
001 Контрольный номер RU/REG73/CBS_GRAD/3c73a427188d4becbd0f076438b2b7cf
005 Дата корректировки 20250317101947.7
100 Данные общей обработки __
a Данные общей обработки 20250124a2025 ||| 0rusy0189 ca
101 Язык документа 0_
a Язык текста rus
102 Страна публикации __
a Страна публикации RU
200 Заглавие и сведения об ответственности 1_
a Заглавие Старец Феодор Кузьмич - император Александр I. Тайна Дома Романовых
f Первые сведения об ответственности М. Тоболова
e Сведения, относящиеся к заглавию Загадка смерти императора Александра I
461 Уровень набора _0
1 2000
a Славянка
463 Уровень физической единицы _0
1 2000
a №1(январь-февраль)
v С.68-79.
1 2101
d 2025
1 001RU/REG73/CBS_GRAD/07033741f2354c9cbc8b1e8ec4b49e83
610 Ключевые слова 0_
a Ключевые слова императоры, император Александр I, загадки истории, тайна Дома Романовых
686 Индексы других классификаций __
a Классификационный индекс 63.3(2 Рос)
700 Автор _1
a Фамилия Тоболова
b Имя (инициалы) М.
801 Источник записи _0
a Страна RU
b Организация RuCBSGrad
c Дата составления 20250124
g Правила каталогизации RCR
801 Источник записи _1
a Страна RU
b Организация RuCBSGrad
c Дата составления 20250124
g Правила каталогизации RCR
852 Данные о местонахождении __
a Наименование организации МБУК "ЦБС г. Димитровграда"
901 Тип документа __
t Тип документа b
w Контрольный № источника RU/REG73/CBS_GRAD/07033741f2354c9cbc8b1e8ec4b49e83
909 Создатель записи __
a Создатель записи Тенигина
b Дата создания записи 20250124